| 000 | 00466pab a2200157 454500 | ||
|---|---|---|---|
| 008 | 180718b1985 xxu||||| |||| 00| 0 eng d | ||
| 100 | _aKrishna Rao, P.V. | ||
| 245 | _aRestrictive trade practices and MRTP (Monopolies and Restrictive Trade Practices) (Amendment), Act, 1984 | ||
| 260 | _c1985 | ||
| 300 | _a609-13,20 | ||
| 362 | _aFeb. | ||
| 650 | _aMonopolies - Legislation - India | ||
| 700 | _aK.P. Sastry | ||
| 773 | _aChartered Accountant | ||
| 909 | _a13734 | ||
| 999 |
_c13734 _d13734 |
||